| 000 | 00341nam a2200145Ia 4500 | ||
|---|---|---|---|
| 008 | 230312s9999||||xx |||||||||||||| ||und|| | ||
| 020 | _a1-5712-0228-5 | ||
| 082 |
_a720.19 _bBAR-F |
||
| 100 | _aVarber; Barbara | ||
| 245 | 0 | _aFoolproof Curves | |
| 260 |
_bC & T _aCalifornia _c2004 |
||
| 300 | _a112 | ||
| 650 | _aArchitecture | ||
| 942 | _cBK | ||
| 999 |
_c11631 _d11631 |
||